| 000 | 00591nam a22001697a 4500 | ||
|---|---|---|---|
| 003 | NUST | ||
| 038 | _aNusrat Nadeem | ||
| 082 | _a200 | ||
| 100 |
_aAfzal, Maroosh _9119978 |
||
| 245 |
_aTHE ROLE OF TALENT MANAGEMENT IN ENHANCING TALENT RETENTION IN MULTINATIONAL AND LOCAL COMPANIES OF PAKISTAN / _cMaroosh Afzal |
||
| 264 |
_aIslamabad, _bNBS NUST, _c2023. |
||
| 300 |
_aill: _b69,p: _c30,cm |
||
| 650 |
_aMS-Management and Human Resource _9122991 |
||
| 700 |
_aSupervisor: Dr. Hassan Mahmood _9119980 |
||
| 856 | _uhttp://10.250.8.41:8080/xmlui/handle/123456789/37931 | ||
| 942 |
_2ddc _cSC |
||
| 999 |
_c607457 _d607457 |
||